| 000 | 00475nam a22001817a 4500 | ||
|---|---|---|---|
| 003 | OSt | ||
| 005 | 20140311162956.0 | ||
| 008 | 130227t xxu||||| |||| 00| 0 eng d | ||
| 020 | _a9789719924852 | ||
| 050 |
_aHF 5691 _b.B352 2011 |
||
| 245 |
_aMathematics of investment _cLeodegario SM. Bautista ... [et al.]. |
||
| 260 |
_a Quezon City : _bC E Pub., _c2011. |
||
| 300 |
_a214 p. : _c24 cm. |
||
| 521 | _aBSBA | ||
| 562 | _e1 | ||
| 942 |
_2lcc _cBK _kLOC |
||
| 999 |
_c39053 _d39053 |
||